00249nam a2200109Ia 4500100002100000654002200021245003100043260003100074082001300105300000900118546001200127 aKreyszig/ Erwin  aengg. Mathematics aAdvanced engg. Mathematics bJohn wileyaNew Yorkc1988 a610bKre a1294 aENGLISH